| 000 | 00716nam a2200229Ia 4500 | ||
|---|---|---|---|
| 001 | 17723 | ||
| 003 | GE_BSU | ||
| 008 | 181216s||||||||xx |||||||||||||| ||und|| | ||
| 020 | _a9789941909429 | ||
| 040 | _cGE_BSU | ||
| 080 | _a631.4:502:578/579(075.8) | ||
| 100 | _aლორთქიფანიძე, რ. | ||
| 245 | _aბუნებათსარგებლობა | ||
| 250 | _aმეორე გამოცემა. | ||
| 260 | _aქუთაისი | ||
| 260 | _bმბმ პოლიგრაფი | ||
| 260 | _c2010. | ||
| 300 | _a255 გვ.21სმ.ცხრ. | ||
| 300 | _eბიბლ.გვ.250-252 | ||
| 653 | _aბუნებათსარგებლობა | ||
| 942 | _cBK | ||
| 999 |
_c50771 _d50771 |
||